Statistiques concernant Célébrités commençant par la lettre A

Cliquez ici pour prendre le quiz!

Statistiques générales

  • Ce quiz a été pris 276 fois
  • Le résultat moyen est 10 sur 16

Statistiques - réponses

Réponse% Correct
Angele
97%
Antoine Griezmann
95%
Aya Nakamura
93%
Ariana Grande
91%
Amir
86%
Adele
85%
Angelina Jolie
85%
Audrey Lamy
72%
Adriana Karembeu
45%
Alicia Keys
45%
Anne Hathaway
44%
Adam Levine
42%
Alain Delon
40%
Audrey Hepburn
30%
Adriana Lima
28%
Anthony Joshua
17%

Distribution des résultats

Percentile par nombre de réponses

% des personnes avec chaque résultat

Votre développement - résultats

Vous n’avez pas pris ce quiz